000 00412nam a22001697a 4500
005 20160616125027.0
008 160616b xxu||||| |||| 00| 0 eng d
020 _a81-297-0424-2
041 _aeng
082 _b7985
100 _aJensen, Keld & iwar UNT
_92072
245 _aNegotiating Partnerships
260 _aDelhi
_bpearson education
_c2004
300 _a222
650 _aManagement
_9241
942 _cBK
999 _c2954
_d2953